Arctic Monkeys Lyrics - Balaclava - Statistics

General Stats
  • This quiz has been taken 169 times
  • The average score is 222 of 286
Answer Stats
Lyrics % Correct
a
99%
balaclava,
98%
balaclava
98%
the
98%
The
98%
it
95%
and
94%
And
94%
be
94%
do
94%
of
94%
Of
94%
I'm
93%
is
93%
run
93%
you
93%
You
93%
sure
91%
we
91%
confidence
89%
in
89%
It's
89%
it's
89%
to
88%
before
87%
but
87%
But
87%
more
87%
no
87%
on
87%
question
87%
Running
87%
than
87%
feeling
86%
cheeks
85%
he
85%
salty
85%
done
84%
'em
84%
fun
84%
wrong,
84%
hour
83%
we'll
83%
Well,
83%
garden
82%
good
82%
you'll
82%
baffle
81%
makeup
81%
that
80%
there
80%
Are
79%
are
79%
back
79%
ending
79%
her
79%
trouble
79%
next
78%
reek
78%
right,
78%
right
78%
'cause
77%
down
77%
love
77%
Or
77%
or
77%
out
77%
anyway
74%
bit
74%
his
74%
runny
74%
That's
74%
won't
74%
off
73%
alone?
72%
door's
72%
going
71%
isn't
71%
let
71%
where
71%
sight
70%
tracks
70%
face
69%
keep
69%
she
69%
She
69%
this
69%
Will
69%
will
69%
as
68%
crooks
68%
over
68%
yourself
68%
been
67%
never
67%
straight
67%
you'd
67%
born?
66%
Can
66%
I'd
66%
kiss
66%
tie
66%
wish
66%
first
65%
knew
65%
very
65%
Who's
65%
crime?
64%
rather
64%
sorry,
63%
start
63%
they
63%
building
62%
burning
62%
sharks?
62%
were
62%
daggers
61%
from
61%
hardly
61%
drawn
60%
much
60%
Now
60%
time
60%
wait
60%
with
60%
naughtiest
58%
shaggers
58%
sweetheart,
58%
throwing
58%
all
57%
blood
57%
pleasurable
57%
take
57%
perform
56%
it'd
54%
Quiet
54%
able
53%
most
53%
find
52%
pulling
52%
resisted
51%
pleaded
50%
boy
49%
day
47%
only
47%
fought
46%
skirmish
44%
unassuming
44%
bewildered
43%
cant
43%
hope
43%
scorned
39%
boast
38%
heard
36%
heist
33%
flawless
26%
No matching quizzes found
Score Distribution
Percent of People with Each Score
Percentile by Number Answered
Your Score History
You have not taken this quiz